| 000 | 00475nam a2200181 4500 | ||
|---|---|---|---|
| 003 | SEACOMEC | ||
| 005 | 20240403150110.0 | ||
| 008 | 231005b |||||||| |||| 00| 0 eng d | ||
| 020 | _cRs. 135.00 | ||
| 040 | _aSEACOMEC | ||
| 082 |
_a005.133 _bR161 |
||
| 100 | 1 | _aRajaram, R. | |
| 245 | 1 |
_aComputer Concepts and C Programming _cR. Rajaram |
|
| 260 |
_aChennai _bScitech _c2001 |
||
| 650 | _aComputer Programming, program, data | ||
| 650 | _aProgramming Language | ||
| 942 | _cBOOK | ||
| 999 |
_c93 _d93 |
||